000 00431nam a2200181Ia 4500
005 20240913125126.0
008 240913s9999||||xx |||||||||||||| ||und||
041 _aENGLISH
082 _A658
100 _aNewby,Toney
245 0 _aEncyclopedia Cost-Effective Training Vol 15
250 _a1st
260 _bJaico,New
500 _aREFERENCE
650 _aManagement
_bManagement Studies
942 _cREF
999 _c244845
_d244845